Design writing research : (Record no. 353192)
[ view plain ]
| 000 -LEADER | |
|---|---|
| fixed length control field | 00838 a2200253 4500 |
| 003 - CONTROL NUMBER IDENTIFIER | |
| control field | OSt |
| 005 - DATE AND TIME OF LATEST TRANSACTION | |
| control field | 20180116192358.0 |
| 008 - FIXED-LENGTH DATA ELEMENTS--GENERAL INFORMATION | |
| fixed length control field | 110810t1999 xxu||||| |||| 00| 0 eng d |
| 020 ## - INTERNATIONAL STANDARD BOOK NUMBER | |
| International Standard Book Number | 0714838519 (pbk) |
| 020 ## - INTERNATIONAL STANDARD BOOK NUMBER | |
| International Standard Book Number | 9780714838519 |
| 040 ## - CATALOGING SOURCE | |
| Transcribing agency | 0 |
| 082 ## - DEWEY DECIMAL CLASSIFICATION NUMBER | |
| Classification number | 686.2252 |
| 100 ## - MAIN ENTRY--PERSONAL NAME | |
| Personal name | Lupton, Ellen. |
| 9 (RLIN) | 35 |
| 245 10 - TITLE STATEMENT | |
| Title | Design writing research : |
| Remainder of title | writing on graphic design / |
| Statement of responsibility, etc. | Ellen Lupton and J. Abbott Miller. |
| 260 ## - PUBLICATION, DISTRIBUTION, ETC. | |
| Place of publication, distribution, etc. | London : |
| Name of publisher, distributor, etc. | Phaidon, |
| Date of publication, distribution, etc. | 1999. |
| 300 ## - PHYSICAL DESCRIPTION | |
| Extent | x,211p. : |
| Other physical details | ill. ; |
| Dimensions | 28cm. |
| 500 ## - GENERAL NOTE | |
| General note | Originally published: Kiosk, 1996. |
| 500 ## - GENERAL NOTE | |
| General note | Includes bibliographical references and index. |
| 650 10 - SUBJECT ADDED ENTRY--TOPICAL TERM | |
| Topical term or geographic name entry element | Graphic design (Typography) |
| 9 (RLIN) | 36 |
| 650 10 - SUBJECT ADDED ENTRY--TOPICAL TERM | |
| Topical term or geographic name entry element | Commercial art. |
| 9 (RLIN) | 37 |
| 700 1# - ADDED ENTRY--PERSONAL NAME | |
| Relator code | Miller, J. Abbott. |
| 9 (RLIN) | 38 |
| 942 ## - ADDED ENTRY ELEMENTS (KOHA) | |
| Institution code [OBSOLETE] | SADA |
| Koha item type | Book |
| Call number prefix | 686.2252 LUP 1999 |
| Source of classification or shelving scheme | |
| Withdrawn status | Lost status | Source of classification or shelving scheme | Damaged status | Not for loan | Permanent Location | Current Location | Date acquired | Total Checkouts | Full call number | Barcode | Date last seen | Cost, replacement price | Price effective from | Koha item type |
|---|---|---|---|---|---|---|---|---|---|---|---|---|---|---|
| School of Art Design and Architecture (SADA) | School of Art Design and Architecture (SADA) | 06/29/2011 | 686.2252 LUP 1999 | SADA0001496 | 08/05/2011 | 1630.00 | 08/05/2011 | Book |
